Coupes du Monde de Foot: Pays aux les 3 premières places (Mort subite) - Statistiques

Statistiques générales
  • Ce quiz a été pris 482 fois
  • Le résultat moyen est 10 sur 20
Answers on the Grid
Answers color-coded by a green-red scale on the quiz's grid according to % correct below.
Allemagne (+RFA)
Angleterre
Argentine
Autriche
Belgique
Brésil
Bulgarie
Chili
Chine
Colombie
Corée du Sud
Croatie
Danemark
Ecosse
Espagne
Etats-Unis
France
Hongrie
Italie
Japon
Maroc
Mexique
Nigeria
Pays-Bas
Pérou
Pologne
Portugal
Roumanie
Suède
Suisse
Tchécoslovaquie
Turquie
URSS
Uruguay
Yougoslavie
 
Statistiques - réponses
Réponse % Correct
Argentine
91%
Angleterre
90%
Allemagne (+RFA)
87%
Brésil
87%
France
77%
Espagne
70%
Italie
70%
Croatie
67%
Belgique
60%
Pays-Bas
59%
Uruguay
53%
Portugal
30%
Suède
24%
Tchécoslovaquie
22%
Hongrie
17%
Turquie
14%
Autriche
13%
Chili
11%
Etats-Unis
11%
Pologne
11%
Aucun quiz correspondant
Distribution des résultats
% des personnes avec chaque résultat
Percentile par nombre de réponses
Votre historique - résultats
Vous n’avez pas pris ce quiz